Sổ tay các nước trên thế giới 195 quốc gia và vùng lãnh thổ
Gespeichert in:
| 1. Verfasser: | |
|---|---|
| Format: | Buch |
| Sprache: | Undetermined |
| Veröffentlicht: |
Hà Nội
Giáo Dục
2002
|
| Schlagworte: | |
| Tags: |
Tag hinzufügen
Keine Tags, Fügen Sie den ersten Tag hinzu!
|
| Thư viện lưu trữ: | Trung tâm Học liệu Trường Đại học Cần Thơ |
|---|
| LEADER | 00578nam a2200181Ia 4500 | ||
|---|---|---|---|
| 001 | CTU_48284 | ||
| 008 | 210402s9999 xx 000 0 und d | ||
| 082 | |a 910.3 | ||
| 082 | |b T502 | ||
| 100 | |a Lê Sĩ Tuấn | ||
| 245 | 0 | |a Sổ tay các nước trên thế giới | |
| 245 | 0 | |b 195 quốc gia và vùng lãnh thổ | |
| 245 | 0 | |c Lê Sĩ Tuấn, Nguyễn Thụy Bảo Khánh | |
| 260 | |a Hà Nội | ||
| 260 | |b Giáo Dục | ||
| 260 | |c 2002 | ||
| 650 | |a geography - dictionaries | ||
| 980 | |a Trung tâm Học liệu Trường Đại học Cần Thơ | ||